[Event "Hoogeveen"]
[Site "Unive 15"]
[Date "2011.10.16"]
[Round "1"]
[White "Vachier Lagrave, Maxime"]
[Black "Polgar, Judit"]
[Result "1/2-1/2"]
[WhiteElo "2715"]
[BlackElo "2701"]
[Annotator "JvR"]
[PlyCount "127"]
[EventDate "2011.10.16"]
[SourceDate "1998.01.31"]

1. d4 Nf6 2. c4 e6 3. Nf3 b6 4. g3 Bb7 5. Bg2 Be7 6. O-O O-O 7. Re1 a5 8. Bg5
c5 $5 9. Nc3 cxd4 10. Qxd4 h6 11. Bxf6 Bxf6 12. Qd2 Na6 13. Rac1 Rc8 14. b3 Nc5
15. Nd4 Bxg2 16. Kxg2 d5 17. cxd5 Ne4 $6 ({More solid is} 17... exd5 18. Red1
Ne4) 18. Nxe4 Qxd5 19. Qd3 Qxd4 20. Qxd4 Bxd4 21. Nd6 Rxc1 22. Rxc1 Rd8 $6 (
22... Bc5 $1 23. Nb7 Rc8 24. a3 Rc7 25. Nxc5 Rxc5 26. Rxc5 bxc5 27. Kf3 Kf8 28.
Ke3 Ke7 29. Kd3 Kd6 30. Kc4 Kc6 {brings an equal pawn ending.}) 23. Rc6 $1 Bc5
24. Nc4 Rd1 25. a4 Re1 26. e3 Rb1 27. Nxb6 Bb4 $1 28. Nc4 Rxb3 29. Ra6 g5 $5
30. Nxa5 Bxa5 31. Rxa5 {White has an extra pawn in the rook ending.} Ra3 {
But the hostile rook moves behind the passed pawn.} 32. g4 Kg7 33. Ra8 Kg6 34.
a5 Ra4 35. h3 Ra2 36. a6 Kf6 37. Ra7 Ra4 38. Kf3 Ra2 39. Kg3 Kg6 40. Ra8 Kg7
41. f4 Ra3 42. Kf3 gxf4 43. Kxf4 Kf6 44. h4 Ra4+ 45. e4 Ra5 46. h5 e5+ 47. Ke3
Ra4 48. a7 Kg7 49. Kd3 Rd4+ 50. Kc3 Ra4 51. Kb3 Ra1 52. Kb4 Ra2 53. Kc5 Ra6 54.
Kd5 Ra5+ 55. Kd6 Kh7 $1 56. Kc6 Ra1 57. Kb6 Rb1+ 58. Kc5 Ra1 59. Kd6 Ra5 $1 60.
Re8 Rxa7 61. Rxe5 Kg7 62. Rf5 Ra6+ 63. Ke5 f6+ 64. Kf4 {
The extra pawn has no importance.} 1/2-1/2

[Event "Hoogeveen"]
[Site "Unive 15"]
[Date "2011.10.17"]
[Round "2"]
[White "Kramnik, Vladimir"]
[Black "Polgar, Judit"]
[Result "1-0"]
[WhiteElo "2791"]
[BlackElo "2701"]
[Annotator "JvR"]
[PlyCount "62"]
[EventDate "2011.10.16"]
[SourceDate "1998.01.31"]

1. d4 Nf6 2. c4 e6 3. Nf3 b6 4. e3 Bb7 5. Nc3 Bb4 6. Bd3 c5 7. O-O O-O 8. Na4
cxd4 9. exd4 Re8 10. a3 Bf8 11. Re1 d6 12. Nc3 Nbd7 13. b4 Rc8 14. Bb2 Qc7 15.
d5 e5 16. Nd2 g6 17. Bf1 $5 Qd8 18. Qa4 a6 19. Nce4 Nxe4 20. Nxe4 Rc7 {
Black has a crammed position.} 21. f4 $1 b5 $4 {
Polgar wants to liberate, but loses material.} (21... exf4 22. Nf6+ Nxf6 23.
Bxf6 Be7 {defends accurately.}) 22. cxb5 Bxd5 23. bxa6 Qb8 24. Kh1 exf4 25. b5
h6 26. Rad1 Ba8 27. Qd4 $1 Re5 28. Nxd6 Rcc5 29. Rxe5 Rxe5 30. Nc4 Bc5 31. Qxd7
Re8 {Kramnik won his second game.} 1-0

[Event "Hoogeveen"]
[Site "Unive 15"]
[Date "2011.10.20"]
[Round "4"]
[White "Giri, Anish"]
[Black "Kramnik, Vladimir"]
[Result "1/2-1/2"]
[WhiteElo "2722"]
[BlackElo "2791"]
[Annotator "JvR"]
[PlyCount "125"]
[EventDate "2011.10.16"]
[SourceDate "1998.01.31"]

1. c4 e5 2. g3 Nf6 3. Bg2 d5 4. cxd5 Nxd5 5. Nc3 Nb6 6. d3 Be7 7. Be3 O-O 8.
Rc1 Re8 9. Qc2 Bf8 10. a3 h6 $5 11. Nf3 Nc6 12. O-O Bg4 13. Ne4 Qd7 14. Rfe1
Rad8 15. Nc5 Bxc5 16. Bxc5 Nd5 17. b4 b6 $6 ({Preferable is} 17... a6) 18. Be3
Re6 19. Qc4 Rd6 20. Bd2 Bxf3 21. exf3 $5 Rf6 $5 22. f4 $1 exf4 23. Bxd5 fxg3
24. hxg3 Qxd5 25. Re8+ $1 Kh7 26. Rxd8 Qxc4 27. Rxc4 Nxd8 28. Rxc7 Rd6 29. Rxa7
Rxd3 30. Be3 {White has a better endgame.} b5 31. Ra5 Nc6 32. Rxb5 Rxa3 33. Rb7
Rb3 34. b5 Na5 35. Rb8 Nc4 36. Bd4 Rd3 37. Rd8 h5 38. Kg2 Rb3 39. Rd5 Kg6 $5
40. Rc5 Nd2 41. b6 Ne4 42. Rc7 Ng5 43. Rc2 Rb4 44. Bc5 Rb5 45. Be3 Ne6 $1 46.
Rc7 Kf6 47. Kf3 g5 48. Rd7 Nf8 49. Rd8 Ne6 50. Rd7 Nf8 51. Rd6+ $6 (51. Rc7 $1
Ne6 52. Kg2 $1 {keeps a plus.}) 51... Ne6 52. Ke4 h4 53. gxh4 gxh4 54. Rd1 Ke7
55. f4 f5+ 56. Kf3 Rb3 57. Rd5 h3 58. Rd2 Nc5 59. Rh2 Nd7 60. Rxh3 Nxb6 61.
Rh7+ Kd6 62. Rh6+ Kc7 63. Rh7+ {The exchange of pieces draws as well.} 1/2-1/2

[Event "Hoogeveen"]
[Site "Unive 15"]
[Date "2011.10.20"]
[Round "4"]
[White "Polgar, Judit"]
[Black "Vachier Lagrave, Maxime"]
[Result "1/2-1/2"]
[WhiteElo "2701"]
[BlackElo "2715"]
[Annotator "JvR"]
[PlyCount "88"]
[EventDate "2011.10.16"]
[SourceDate "1998.01.31"]

1. e4 c5 2. Nf3 d6 3. d4 cxd4 4. Nxd4 Nf6 5. Nc3 a6 6. h3 e5 7. Nde2 h5 8. g3
Be6 9. Bg2 Nbd7 10. a4 Rc8 11. Be3 Nb6 $5 ({The alternative is} 11... Be7) 12.
Bg5 Be7 13. b3 h4 $5 14. Bxh4 Rxh4 $5 {
Vachier Lagrave sacrifices in order to attack.} 15. gxh4 Nh5 16. Bf3 Nf4 17.
Bg4 Bxh4 18. Nxf4 exf4 19. Nd5 Bxd5 20. exd5 Rc3 21. Kf1 $5 Qc7 $5 22. a5 Qc5
$6 23. Qe1+ $1 Re3 $5 24. Qd2 $1 Nxd5 25. c4 $2 (25. fxe3 $1 fxe3 26. b4 Qc4+
27. Qd3 {wins for White.}) 25... Rd3 $1 26. Qe2+ Re3 $5 27. Qc2 $5 Nb4 $5 28.
Qd2 Bxf2 $2 ({Better is} 28... Rxb3) 29. Qxf2 Nd3 30. Qd2 f3 $6 31. Rh2 $1 Qe5
32. Rd1 $1 Kf8 33. Rf2 $6 ({Polgar misses the win} 33. Bf5 $1) 33... Nxf2 34.
Qxf2 Qe4 $6 35. Qd2 Kg8 36. Qxd6 g6 37. Qd8+ Kh7 38. Qf6 $2 (38. Qd5 $1 Qf4 39.
Rd3 {decides the game.}) 38... Rd3 39. Qxf7+ Kh6 40. Qf8+ Kh7 41. Re1 $5 Rd1 $1
42. Qf7+ Kh6 43. Qf8+ Kh7 ({Vachier Lagrave avoids the trap} 43... Kg5 $4 44.
Qd8+ $1) 44. Qf7+ Kh6 {The game ends by perpetual check. Judit made a
remarkable number of tactical errors in this game.} 1/2-1/2

[Event "Hoogeveen"]
[Site "Unive 15"]
[Date "2011.10.21"]
[Round "5"]
[White "Giri, Anish"]
[Black "Polgar, Judit"]
[Result "1-0"]
[WhiteElo "2722"]
[BlackElo "2701"]
[Annotator "JvR"]
[PlyCount "93"]
[EventDate "2011.10.16"]
[SourceDate "1998.01.31"]

1. c4 Nf6 2. g3 c5 3. Bg2 Nc6 4. Nf3 e5 5. Nc3 d6 6. O-O Be7 7. d3 O-O 8. a3 h6
9. Ne1 Rb8 10. b4 $1 ({Known is} 10. Rb1) 10... cxb4 11. axb4 Nxb4 12. Rxa7 d5
$5 13. cxd5 Bc5 $5 14. Ra1 Bd4 15. Ra3 Nbxd5 16. Nxd5 Nxd5 17. e3 $1 Bc5 18.
Ra1 Re8 19. Bb2 Nf6 20. Nf3 Bg4 21. Qb3 Bd6 22. Rfc1 Qd7 23. Ra5 b5 24. Qa2 $5
{White has the initiative.} Qf5 25. Ra7 Rf8 26. Ne1 Bb4 $5 27. e4 $5 Qh5 28. d4
$5 Bd2 $5 29. Ra1 b4 $1 30. dxe5 Be6 $1 31. Qa5 Bxe1 $5 32. Rxe1 Ng4 33. h3
Nxf2 $1 34. Kxf2 Rfd8 35. Re2 $5 Bc4 36. Bf3 $1 Qxh3 37. e6 $1 Qxe6 38. Rc2 $5
Bb5 $2 {Judit fails when the contemplation time becomes short.} (38... Bb3 $1
39. Re2 Bc4 40. Be5 $1 Bxe2 41. Bxb8 Rxb8 42. Bxe2 Qxe4 {nearly equalises.})
39. Kg2 $6 (39. Rb7 $1 Qb3 40. Qc7 {gains an advantage.}) 39... g5 $2 (39...
Bd3 40. Rf2 Bxe4 41. Rxf7 $1 Qxf7 42. Bxe4 Qd7 {defends well.}) 40. Kh2 $1 Qb3
41. Qc7 $1 Bc4 42. Rf2 Qe3 43. Kg2 Re8 44. Bh5 $1 Qxe4+ 45. Kh2 Rf8 46. Ra6 Be6
47. Rxe6 $1 (47. Rxe6 $1 Qxe6 48. Bxf7+ $1 {wins for White.}) 1-0

[Event "Hoogeveen"]
[Site "Unive 15"]
[Date "2011.10.21"]
[Round "5"]
[White "Kramnik, Vladimir"]
[Black "Vachier Lagrave, Maxime"]
[Result "1-0"]
[WhiteElo "2791"]
[BlackElo "2715"]
[Annotator "JvR"]
[PlyCount "173"]
[EventDate "2011.10.16"]
[SourceDate "1998.01.31"]

1. Nf3 Nf6 2. c4 g6 3. Nc3 d5 4. Qa4+ Bd7 5. Qb3 dxc4 6. Qxc4 a6 7. d4 b5 8.
Qd3 Bg7 9. g3 b4 10. Ne4 Nxe4 11. Qxe4 Bc6 12. Qf4 O-O 13. Bg2 Qd6 $5 (13...
Bxd4 14. O-O e5 15. Nxe5 Bxe5 16. Qxe5 {drew in Popov - Petrosian, Moscow 2004.
}) 14. O-O Nd7 15. Qh4 e5 16. d5 $5 {
Whiote delivers a positional pawn sacrifice.} Qxd5 17. Be3 Qb5 18. Rac1 Bd5 19.
Rxc7 $5 Rac8 20. Ng5 h6 21. Rxc8 Rxc8 22. Ne4 g5 $5 23. Qh3 $5 Be6 24. Qh5 Rc4
25. Rd1 b3 $1 26. a3 Rd4 $2 ({Right is} 26... Qa4 $1 27. f3 Nf8) 27. Bxd4 exd4
28. h4 $1 Ne5 $5 29. hxg5 Bg4 30. Qh4 Qxe2 31. Rxd4 Nf3+ 32. Bxf3 Bxf3 33. Rd8+
Kh7 34. Nd2 $1 Bc6 35. gxh6 $5 Bxb2 36. Qg5 $2 (36. Qh3 $1 Qd1+ 37. Qf1 Qxf1+
38. Kxf1 {(Stohl)} Ba4 39. Ke2 Bxa3 40. Rd4 Bb5+ 41. Kd1 b2 42. Kc2 {
plays for a win.}) 36... Qd1+ 37. Nf1 Qf3 38. Qg8+ Kxh6 39. Rd6+ Bf6 40. Qh8+
Kg5 41. Qg8+ Kh6 42. Rxc6 Qxc6 43. Ne3 Qf3 44. Ng4+ Kh5 45. Nh2 $1 Qd1+ $1 46.
Kg2 Qd5+ 47. Kh3 $5 Qe6+ 48. Ng4 $1 Bg5 49. f3 Qf5 50. Qh8+ Kg6 51. Qg8+ Kh5
52. Qg7 $1 Be3 53. Qc3 Qe6 54. Qg7 Bh6 55. Qh8 $1 f5 56. Nxh6 Qxh6 57. Qg8 Qd6
58. Qxb3 {White has gained a pawn in the queen ending.} Kg6 59. Qg8+ Kf6 60.
Qh8+ Kg6 61. Qg8+ Kf6 62. f4 Qd3 63. Qf8+ Kg6 64. Kh4 Qd5 65. Qe8+ Kf6 66. Qh8+
Kg6 67. Qh5+ Kg7 $2 {Black misses a trick.} (67... Kf6 $1 68. Qh6+ ({or} 68. g4
Qh1+ $1) 68... Kf7 69. Kg5 $5 Qd8+ 70. Kxf5 Qd5+ 71. Kg4 Qd1+ {
and perpetual check.}) 68. g4 $1 Qh1+ 69. Kg5 Qc6 70. gxf5 $1 Qg2+ 71. Qg4 Qb2
72. Qf3 Qf6+ 73. Kg4 Qb6 74. Qc3+ Kf7 75. Qe1 Qd4 76. Qe6+ Kf8 77. Qc8+ Kf7 78.
Qe6+ Kf8 79. f6 Qg1+ 80. Kf5 Qc5+ 81. Qe5 Qc2+ 82. Kg5 Qg2+ 83. Kh6 Qh2+ 84.
Kg6 Qc2+ 85. Qf5 Qc3 86. Qd5 Qc2+ 87. f5 $1 {
Kramnik scored in the classical way: he won as White and drew as Black.} 1-0

[Event "Hoogeveen"]
[Site "Unive 15"]
[Date "2011.10.22"]
[Round "6"]
[White "Vachier Lagrave, Maxime"]
[Black "Giri, Anish"]
[Result "1/2-1/2"]
[WhiteElo "2715"]
[BlackElo "2722"]
[Annotator "JvR"]
[PlyCount "192"]
[EventDate "2011.10.16"]
[SourceDate "1998.01.31"]

1. d4 Nf6 2. c4 e6 3. Nf3 d5 4. Nc3 Be7 5. Bf4 O-O 6. a3 c5 7. dxc5 Ne4 $5 ({
Theory is} 7... Bxc5) 8. Qc2 Na6 9. Nxe4 dxe4 10. Rd1 Qa5+ 11. Bd2 Qc7 $1 12.
Qxe4 Nxc5 {Black has given a pawn for a positional advantage.} 13. Qe5 Qc6 $5
14. g3 Bf6 15. Qe3 Bxb2 16. Bg2 Qc7 17. O-O b6 18. Nd4 Bb7 19. Nb5 Qe7 20. Bxb7
Qxb7 21. Bb4 a6 22. Rd2 Bf6 23. Nd6 Qc6 24. Bxc5 bxc5 25. Ne4 Be7 {
The chances are equal.} 26. Rfd1 Rfd8 27. Qf3 Kf8 28. Qf4 f6 29. Nc3 $5 {
Better is the immediate exchange of rooks.} Rd4 30. Rxd4 cxd4 31. Qxd4 Rd8 32.
Qh4 Rxd1+ 33. Nxd1 h6 34. Qf4 Bxa3 35. Qb8+ Kf7 36. Qb3 Bc5 37. Qc2 Bd4 38. Qd3
Qd6 39. Nc3 Be5 40. Qc2 $5 Bxc3 41. Qxc3 Qd1+ 42. Kg2 Qxe2 {
Black has gained a pawn in the queen endgame.} 43. Qd4 Ke8 44. c5 Qa2 45. Qb4
Qd5+ 46. Kg1 Kd7 47. Qb6 Qc6 48. Qa7+ $5 Qc7 49. Qxa6 Qxc5 50. h4 {
White can survive in the ending.} Ke7 51. Qb7+ Kf8 52. Qd7 Qe7 53. Qc8+ Kf7 54.
Qc6 Qa7 55. Kg2 Ke7 56. Qc8 Kf7 57. Qc6 Qd4 58. Qc7+ Kg6 $5 (58... Kf8 {
tries to plat for a win.}) 59. h5+ $1 Kh7 60. Qf7 {
The black king has been imprisoned.} Qe4+ 61. Kg1 Qf5 62. Qe8 e5 63. Kg2 Qe4+
64. Kg1 Qc4 65. Qg6+ Kh8 66. Qe8+ Qg8 67. Qe7 Kh7 68. Qd7 Qf8 69. Qf5+ Kh8 70.
Qe6 Qb8 71. Kh2 Qg8 72. Qd7 Qf8 73. Qe6 Qd8 74. Kg2 Qg8 75. Qd7 Qa8+ 76. Kg1
Qb8 77. Qe6 Kh7 78. Kh2 Qd8 79. Kg2 Qa8+ 80. Kg1 Kh8 81. Kh2 Qe4 82. Qe8+ Kh7
83. Kg1 Qf5 84. Kg2 e4 85. Kg1 Qg4 86. Kg2 f5 87. Kh2 Qg5 88. Kg2 Qf6 89. Kh2
Qg5 90. Kg2 Qf6 91. Kh2 Qb6 92. Kg2 Qd6 93. Kh3 Qd5 94. Kh2 Qc5 95. Kg1 Qd6 96.
Kg2 Qf6 {The final standing became: Kramnik 41/2/6, Giri 3, Vachier Lagrave 21/
2, Polgar 2.} 1/2-1/2

[Event "Hoogeveen"]
[Site "Unive 16"]
[Date "2012.10.21"]
[Round "1"]
[White "Nakamura, Hikaru"]
[Black "Giri, Anish"]
[Result "1-0"]
[WhiteElo "2775"]
[BlackElo "2693"]
[Annotator "JvR"]
[PlyCount "127"]
[EventDate "2012.10.21"]
[SourceDate "1998.01.31"]

1. e4 e5 2. Nf3 Nc6 3. Bb5 Nf6 4. O-O Nxe4 5. Re1 Nd6 6. Nxe5 Be7 7. Bf1 Nxe5
8. Rxe5 O-O 9. d4 Bf6 10. Re1 Re8 11. c3 Rxe1 12. Qxe1 Nf5 13. Bf4 c6 (13... d6
{happened in Steinitz - Zukertort, USA 1886 (4).}) 14. a4 $5 a5 $6 {
He weakens the queenside.} 15. Bc7 $1 Qf8 16. Bd3 d5 17. Bb6 $5 Nd6 18. Nd2 Be6
19. Qb1 $5 g6 20. b4 axb4 21. Qxb4 Bf5 22. Bc5 $5 Bxd3 23. Bxd6 Qe8 24. Nf3 Ba6
25. Be5 Be7 26. Bd6 Bf6 27. Re1 Qd7 28. Be7 Bg7 29. Ne5 Qf5 $5 30. Qd6 $1 {
White becomes active.} Re8 31. h3 Qe6 32. Qxe6 fxe6 33. Bc5 {
The chances have become equal.} g5 $5 {He weakens the kingside.} 34. Bb4 $5 h6
35. Nd7 $1 Kf7 36. Re3 Kg6 $6 ({Slightly better is} 36... Bc4 $5 37. a5 Ba6)
37. Bd6 $1 h5 38. Nc5 Bf6 39. g4 hxg4 40. hxg4 Kf7 41. Kg2 Ra8 42. a5 Re8 43.
Re1 $5 Bd8 $1 44. Ra1 $1 Rh8 45. Be5 Rh7 46. Bd6 Rh8 47. f3 Rh6 48. Be5 $5 Rh7
49. Kg3 Rh6 $6 ({Preferable is} 49... Be7 50. Nxa6 bxa6) 50. Rb1 Bxa5 51. Nxb7
Bxb7 52. Rxb7+ Ke8 53. Rg7 $1 Bd8 54. Kg2 Be7 55. Rg8+ Kd7 56. Ra8 $6 (56. f4
$5 Rh4 57. Kg3 gxf4+ 58. Bxf4 Rh1 59. Kg2 {attacks on the kingside.}) 56... c5
$1 57. Rg8 cxd4 58. cxd4 Rh7 59. f4 gxf4 $2 {
Errors are made under time pressure.} 60. g5 $1 Bd6 61. Bf6 $2 Be7 $2 ({
He misses the opportunity} 61... f3+ $1 62. Kxf3 Rh4 $1 63. Ra8 Rf4+ {
(Safarli).}) 62. g6 $1 f3+ 63. Kxf3 Rh5 64. Be5 {The passed pawn will queen.}
1-0

[Event "Hoogeveen"]
[Site "Unive 16"]
[Date "2012.10.22"]
[Round "2"]
[White "Hou, Yifan"]
[Black "Giri, Anish"]
[Result "1/2-1/2"]
[WhiteElo "2623"]
[BlackElo "2693"]
[Annotator "JvR"]
[PlyCount "115"]
[EventDate "2012.10.21"]
[SourceDate "1998.01.31"]

1. e4 c5 2. Nf3 d6 3. d4 cxd4 4. Nxd4 Nf6 5. Nc3 a6 6. f4 e5 7. Nf3 Nbd7 8. a4
Qc7 9. Bd3 Be7 10. O-O O-O 11. Kh1 Nc5 12. Qe2 Bd7 13. fxe5 dxe5 14. Bg5 Be6
15. Nh4 Nxd3 16. cxd3 Ne8 17. Bxe7 Qxe7 18. Nf3 $5 f6 19. d4 Rc8 20. Rac1 exd4
21. Nd5 Qd6 22. Rxc8 Bxc8 23. Qc4 Be6 24. Nxd4 Rf7 25. h3 Bxd5 26. exd5 Nc7 27.
Nf5 $1 Qxd5 28. Qg4 $1 h5 $5 29. Qxh5 Rd7 30. Re1 $1 Kf8 $1 31. Qh8+ Qg8 32.
Qh4 a5 33. Qg4 Qf7 $1 34. Nh4 g5 $5 35. Nf5 Qd5 36. Rf1 Qd3 37. Ng3 Ne8 38. Rf3
$6 (38. Kh2 $1 {keeps a plus.}) 38... Qd1+ 39. Kh2 Rd3 $1 40. Qxg5 Rxf3 41.
Qc5+ Qd6 $5 42. Qxd6+ Nxd6 43. gxf3 Nc4 44. Ne4 Nxb2 45. Nc5 Kf7 46. Nxb7 Nxa4
47. Nxa5 Kg6 48. Kg3 Nc3 49. Nb3 Ne2+ 50. Kg4 f5+ 51. Kh4 Kh6 52. Nd2 Nd4 53.
Kg3 Kg5 54. Nf1 f4+ 55. Kg2 Kh4 56. Nd2 Nc2 57. Nc4 Ne1+ 58. Kf2 {
The knight ending is drawn, despite the extra pawn.} 1/2-1/2

[Event "Hoogeveen"]
[Site "Unive 16"]
[Date "2012.10.23"]
[Round "3"]
[White "Nakamura, Hikaru"]
[Black "Hou, Yifan"]
[Result "1-0"]
[WhiteElo "2775"]
[BlackElo "2623"]
[Annotator "JvR"]
[PlyCount "97"]
[EventDate "2012.10.21"]
[SourceDate "1998.01.31"]

1. e4 c5 2. Nf3 d6 3. d4 cxd4 4. Nxd4 Nf6 5. Nc3 e6 6. g4 h6 7. Rg1 e5 $5 {
Hou delivers an interesting novelty.} 8. Bb5+ Nbd7 ({Hou will play} 8... Bd7 $1
{in future games.}) 9. Nf5 a6 10. Bxd7+ Qxd7 11. g5 $1 Nxe4 $6 ({Preferable is
} 11... hxg5 12. Bxg5 Qc6) 12. Nxg7+ $1 Bxg7 13. Nxe4 Qc6 14. Qd3 $1 (14. Nxd6+
Ke7 15. Nxc8+ Raxc8 16. Qg4 $5 {brings little advantage.}) 14... Ke7 15. gxh6
Bxh6 16. Bxh6 Rxh6 17. Qe3 $1 Rh5 $1 18. Rd1 Bf5 19. Ng3 Bxc2 $4 ({Right is} 
19... Rah8 $1 20. c3 Ke6 $1 21. Nxh5 Rxh5) 20. Nxh5 Bxd1 21. Kxd1 {
White has gained a piece.} Qd5+ 22. Ke2 Qxa2 23. Qg5+ Kd7 24. Qf5+ $5 Ke7 25.
Qc2 Qa5 26. Ng3 Qb5+ 27. Kf3 Qc6+ 28. Qe4 Rh8 29. Nf5+ Kd7 30. h4 Qb5 31. Rd1
Qxb2 32. Nxd6 Kc7 33. Nc4 Qb5 34. Nxe5 f6 35. Rc1+ Kb8 36. Rb1 f5 37. Qxf5 Qd5+
38. Qe4 Rf8+ 39. Ke3 Qc5+ 40. Qd4 Qxd4+ 41. Kxd4 Rf4+ 42. Ke3 Rxh4 43. f4 Kc7
44. f5 Kd6 45. Ng6 Rh7 46. Rd1+ Kc7 47. Kf4 b5 48. f6 Rf7 49. Ke5 {The standing
s after the first cycle became: Nakamura 21/2/3, Tiviakov 11/2, Giri and Hou
Yifan 1.} 1-0

[Event "Hoogeveen"]
[Site "Unive 16"]
[Date "2012.10.25"]
[Round "4"]
[White "Tiviakov, Sergei"]
[Black "Hou, Yifan"]
[Result "1-0"]
[WhiteElo "2656"]
[BlackElo "2623"]
[Annotator "JvR"]
[PlyCount "139"]
[EventDate "2012.10.21"]
[SourceDate "1998.01.31"]

1. e4 c5 2. Nf3 d6 3. Bb5+ Bd7 4. Bxd7+ Qxd7 5. c4 Nf6 6. Nc3 g6 7. d4 cxd4 8.
Nxd4 Bg7 9. h3 Qc7 10. Qe2 Nc6 11. Nc2 O-O 12. O-O a6 13. Bd2 e6 14. Rac1 Rfe8
15. Be3 $5 ({Known is} 15. Ne3) 15... Ne5 16. Na3 Rac8 17. b3 Qa5 18. Nab1 d5
19. f4 Nc6 20. e5 Nh5 21. Qf2 $5 d4 $1 22. Bxd4 Nxd4 23. Qxd4 g5 $1 24. fxg5
Bxe5 25. Qf2 $6 Bf4 $2 (25... Ng3 $1 26. Rfe1 Red8 {gains an advantage.}) 26.
Ne4 $1 Bxc1 27. Rxc1 $5 Qe5 28. Re1 Kh8 29. Nbd2 Red8 30. Nf3 Qf4 31. g3 Qc7
32. Qb2+ Ng7 $2 ({Better is} 32... Kg8 33. Ne5 b5) 33. Ne5 Qb6+ 34. Kg2 $6 (34.
Kh2 $1 Rc7 35. Rf1 Qd4 36. Qxd4 Rxd4 37. Nxf7+ Rxf7 38. Rxf7 Kg8 39. Rf4 {
wins for White.}) 34... Rc7 35. c5 ({Or} 35. Rf1 Qe3 $1 36. Rf4 Rd1) 35... Qb4
36. Qf2 Rd5 $5 37. Nd6 $5 Nf5 38. Nexf7+ Rxf7 39. Nxf7+ Kg7 40. Nd6 Nxd6 41.
Qf6+ Kg8 42. Qxe6+ $1 Kg7 43. cxd6 Qxd6 44. Qxd6 Rxd6 45. Re7+ Kg8 46. Rxb7
Rd2+ 47. Kf3 Rxa2 48. Kg4 Rd2 49. h4 a5 50. Kh5 Rd6 51. Ra7 Rb6 52. Kg4 Rb4+
53. Kh3 Rb5 54. Kh2 Kh8 55. Kg2 Kg8 56. Kh3 Kh8 57. Kg4 Rb4+ 58. Kf5 Rxb3 59.
h5 Rf3+ 60. Kg4 Rf8 61. Rxa5 Rb8 62. h6 Kg8 63. Kh5 Kf7 64. Rf5+ Ke6 65. Rf4
Rb3 66. Rf6+ Ke7 67. Ra6 Kf7 68. Ra7+ Kg8 69. Ra8+ Kf7 70. Rh8 {
White wins the rook ending.} 1-0

[Event "Hoogeveen"]
[Site "Unive 16"]
[Date "2012.10.26"]
[Round "5"]
[White "Hou, Yifan"]
[Black "Nakamura, Hikaru"]
[Result "1/2-1/2"]
[WhiteElo "2623"]
[BlackElo "2775"]
[Annotator "JvR"]
[PlyCount "141"]
[EventDate "2012.10.21"]
[SourceDate "1998.01.31"]

1. e4 c5 2. Nf3 d6 3. d4 cxd4 4. Qxd4 e5 5. Qd1 Nf6 6. Nc3 h6 7. Bc4 Be6 8. Bb3
Be7 9. O-O O-O 10. Be3 Nc6 11. Qe2 Na5 12. Rfd1 Qc7 13. Nd5 Nxd5 14. Bxd5 Nc4
$5 ({The alternative is} 14... Bxd5 15. Rxd5 Nc4) 15. c3 Rac8 16. Rac1 a6 17.
b3 Nxe3 18. Qxe3 Bd7 19. Rc2 Kh7 20. Nd2 g6 $6 ({Preferable is} 20... b5 $1 21.
c4 Bg5 22. Qe2 Qb6) 21. Qa7 $1 Rb8 22. Nc4 $1 {White takes the initiative.} f5
$5 (22... Bd8 23. Nb6 $1 Bg4 24. Rd3 {also favours White.}) 23. Qb6 $5 Rfc8 24.
Qxc7 Rxc7 25. Nb6 Bc6 26. f3 Bg5 27. Nc4 $5 b5 $5 28. Bxc6 bxc4 $5 29. Bd5 cxb3
30. axb3 Rb6 31. Kf2 a5 32. Ra1 Rc5 33. Ke2 Kg7 34. Kd3 Rb8 35. Ra4 Bd8 36. b4
axb4 37. cxb4 Rxc2 38. Kxc2 Bb6 39. Kb3 Kf6 40. Kc4 Ke7 {
White has little winning chances.} 41. h3 Kd7 42. Bf7 fxe4 43. fxe4 Ke7 44. Bd5
({Or} 44. Bxg6 Rg8 45. Bf5 Rxg2 46. Kb5) 44... Kd7 45. Ra3 Rf8 46. Ra6 Kc7 47.
Ra2 g5 48. Rc2 Rf2 49. Rxf2 Bxf2 {
The ending with bishops of a different colour is elementary.} 50. g4 Be1 51.
Be6 d5+ $5 52. exd5 e4 53. Kd4 Bxb4 54. Kxe4 Kd6 55. Kf5 Ba5 56. Kg6 Bd8 57.
Kxh6 Ke5 58. Kg6 Be7 59. Kf7 Bb4 60. Ke8 Kd6 61. Bg8 Bd2 62. Kf8 Ba5 63. Kg7
Ke5 64. Kg6 Bd8 65. Kg7 Be7 66. Kf7 Bb4 67. Kg6 Be7 68. Be6 Bd8 69. Kf7 Kd6 70.
Ke8 Ba5 71. Kf7 {Nakamura had to suffer in a long game.} 1/2-1/2

[Event "Hoogeveen"]
[Site "Unive 16"]
[Date "2012.10.27"]
[Round "6"]
[White "Nakamura, Hikaru"]
[Black "Tiviakov, Sergei"]
[Result "1-0"]
[WhiteElo "2775"]
[BlackElo "2656"]
[Annotator "JvR"]
[PlyCount "77"]
[EventDate "2012.10.21"]
[SourceDate "1998.01.31"]

{Tiviakov trails Nakamura by half-a-point. They play the decisive game of the
tournament in the last round.} 1. e4 e6 2. d3 c5 3. Nf3 Nc6 4. g3 g6 5. d4 cxd4
6. Nxd4 a6 7. Nxc6 bxc6 8. c4 Bg7 9. Bg2 Ne7 10. O-O d6 11. Nc3 O-O 12. Bg5 Qc7
$5 (12... Ra7 {was played in Tseitlin - Gheorghiu, Biel 1999.}) 13. Qd2 Rb8 14.
Rfd1 Rd8 15. Rac1 c5 $1 {Black opens his crammed position.} 16. b3 Bb7 17. h4
h5 18. Qd3 Bc6 19. Qe2 Be8 20. Rd3 {He wants to put pressure on the d-file.}
Rdc8 $2 ({Better is} 20... f6 $1 21. Bf4 Nc6 22. Bh3 Qe7) 21. Qd2 $1 Rb6 22.
Bf4 Be5 $6 ({More useful is} 22... Bd4 $1) 23. Rd1 $1 Kh7 $6 (23... Nc6 $1 24.
Rxd6 Qxd6 25. Qxd6 Bxd6 26. Bxd6 Nd4 27. Bxc5 Rxc5 28. Rxd4 Kf8 {
almost equalises.}) 24. Kh1 $5 Ng8 $5 25. Be3 $5 Bg7 $5 26. Ne2 $1 {
White reopens the attack on d6.} Rd8 27. Bf4 e5 28. Bg5 f6 29. Be3 Ne7 30. Nc3
Qc8 31. Kh2 Rc6 32. f4 $1 Qb7 33. fxe5 fxe5 34. Bg5 Rd7 35. Bh3 Rdc7 36. Rf1 $5
Bd7 37. Bg2 Bg4 38. Rxd6 {The weakling is captured finally.} Rxd6 39. Qxd6 {
The final standings became Nakamura 41/2/6, Tiviakov 3, Giri 21/2, Hou Yifan 2.
} 1-0

[Event "Hoogeveen"]
[Site "Unive 17"]
[Date "2013.10.20"]
[Round "1"]
[White "So, Wesley"]
[Black "Van Wely, Loek"]
[Result "1-0"]
[WhiteElo "2706"]
[BlackElo "2693"]
[Annotator "JvR"]
[PlyCount "83"]
[EventDate "2013.10.20"]
[SourceDate "1998.01.31"]

{The seventeenth Unive tournament was played from 20 until 26 x 2013.
Participants of the Crown Group were Adams as an international player, Van
Wely as a strong Dutchman plus So and Van Kampen as juniors.} 1. d4 Nf6 2. c4
e6 3. Nc3 Bb4 4. e3 O-O 5. Nge2 d5 6. a3 Be7 7. cxd5 exd5 8. Nf4 a5 9. Bd3 c6
10. O-O Na6 11. f3 Nc7 12. Bd2 $5 c5 $5 {The centre becomes vulnerable.} 13.
dxc5 Bxc5 14. Kh1 Ne6 15. e4 dxe4 16. Nxe4 Bd4 17. Qc2 h6 18. Rad1 Bd7 $6 ({
Preferable is} 18... Nxf4 19. Bxf4 Qb6) 19. Ne2 Rc8 20. Qb1 Be5 21. Bc3 Bxc3
22. N2xc3 Bc6 $6 23. Nd6 $1 Rc7 24. Rfe1 $6 (24. Bc4 $1 Qe7 25. Qf5 {
gains an advantage.}) 24... Nd4 $1 25. Nc4 Qa8 $5 {The queen moves offside.}
26. Ne5 Rd8 $6 ({Better is} 26... Re8 $1) 27. Bc4 Be8 28. Ne4 Nh5 29. Qd3 $6 b5
$6 (29... Nc6 $1 30. Qc3 Rxd1 31. Rxd1 Nxe5 32. Qxe5 Rxc4 33. Nd6 Qd8 34. Qxe8+
Qxe8 35. Nxe8 {equalises.}) 30. Ba2 b4 $5 31. Bb1 Bb5 $2 32. Qe3 Ne6 $2 (32...
Qd5 33. f4 $1 Ba4 34. Rd3 Bb5 35. Rd2 {defends properly (Stohl).}) 33. Nd6 Ba4
34. Nexf7 Nhf4 35. Nxd8 Qxd8 36. Rd2 bxa3 37. Ba2 Qf6 38. Qxa3 Bc6 39. Bxe6+
Nxe6 40. Qa2 Bxf3 41. gxf3 Qxf3+ 42. Rg2 {White has an extra rook.} 1-0